000 00564nam a2200181Ia 4500
008 240925s9999 xx 000 0 und d
020 _a9788131720479
082 _a004 HOP
100 _aHopcroft, E. John; Motwani, Rajeev; Ullman ,Jeffrey D.
245 0 _aIntroduction to Automata Theory Langages and Computation
250 _a3rd
260 _aNew Delhi:
_bPearson Education
_c,2007.
300 _axx,617p.
_bNA
_fOriginal
500 _aIncludes Index
600 _aComputer Science
650 _aComputer science, information & general works
942 _cBK
999 _c9964
_d9964